Arsenal F.C. 2020-21 Squad - Statistics

General Stats
  • This quiz has been taken 1,450 times
    1,218 since last reset
  • The average score is 21 of 26
Answer Stats
No. Position Nationality Answer % Correct
1 GK Germany Bernd Leno
98%
- Manager Spain Mikel Arteta
97%
14 FW Gabon Pierre-Emerick Aubameyang
97%
9 FW France Alexandre Lacazette
95%
7 MF England Bukayo Saka
95%
6 DF Brazil Gabriel
93%
3 DF Scotland Kieran Tierney
93%
11 MF Norway Martin Ødegaard
93%
34 MF Switzerland Granit Xhaka
92%
19 FW Côte d'Ivoire Nicolas Pépé
92%
2 DF Spain Héctor Bellerín
89%
35 FW Brazil Gabriel Martinelli
88%
25 MF Egypt Mohamed Elneny
88%
16 DF England Rob Holding
80%
17 DF Portugal Cédric
78%
32 MF England Emile Smith Rowe
78%
8 MF Spain Dani Ceballos
76%
23 DF Brazil David Luiz
76%
18 MF Ghana Thomas Partey
73%
30 FW England Eddie Nketiah
70%
33 GK Australia Mathew Ryan
70%
12 FW Brazil Willian
68%
22 DF Spain Pablo Marí
67%
21 DF England Calum Chambers
66%
13 GK Iceland Rúnar Alex Rúnarsson
62%
24 FW England Reiss Nelson
57%
No matching quizzes found
Score Distribution
Percent of People with Each Score
Percentile by Number Answered
Your Score History
You have not taken this quiz since the last reset